000 00358nam a2200133Ia 4500
008 240624s9999 xx 000 0 und d
041 _aeng
082 _a332.64 JAN
100 _aJANKOVSKY JASON ALAN
245 _aART OF THE TRADE WHAT I LEARNED AND LOST
260 _c2008
_aNew Jersey
_bJohn Wiley & Sons
300 _a183 : p. : cm. ; 24
365 _c
_b27
999 _c15404
_d15404